Digital design : (Record no. 17934)
[ view plain ]
| 000 -LEADER | |
|---|---|
| fixed length control field | 00954pam a22002891a 4500 |
| 001 - CONTROL NUMBER | |
| control field | 015453131 |
| 003 - CONTROL NUMBER IDENTIFIER | |
| control field | OSt |
| 005 - DATE AND TIME OF LATEST TRANSACTION | |
| control field | 20201128021011.0 |
| 008 - FIXED-LENGTH DATA ELEMENTS--GENERAL INFORMATION | |
| fixed length control field | 091215t2011 xxua fr 001 0 eng|d |
| 020 ## - INTERNATIONAL STANDARD BOOK NUMBER | |
| International Standard Book Number | 9780470531082 (cased) |
| 020 ## - INTERNATIONAL STANDARD BOOK NUMBER | |
| International Standard Book Number | 0470531088 (cased) |
| 040 ## - CATALOGING SOURCE | |
| Original cataloging agency | StDuBDS |
| Language of cataloging | eng |
| Transcribing agency | StDuBDS |
| Modifying agency | Uk |
| -- | EG-ScBUE |
| 082 00 - DEWEY DECIMAL CLASSIFICATION NUMBER | |
| Classification number | 621.392 |
| Edition number | 22 |
| Item number | VAH |
| 100 1# - MAIN ENTRY--PERSONAL NAME | |
| Personal name | Vahid, Frank |
| 9 (RLIN) | 34514 |
| 245 10 - TITLE STATEMENT | |
| Title | Digital design : |
| Remainder of title | with RTL design, VHDL, and Verilog / |
| Statement of responsibility, etc | by Frank Vahid. |
| 250 ## - EDITION STATEMENT | |
| Edition statement | 2nd ed. |
| 260 ## - PUBLICATION, DISTRIBUTION, ETC. (IMPRINT) | |
| Place of publication, distribution, etc | Hoboken, United States : |
| Name of publisher, distributor, etc | John Wiley & Sons, Inc., |
| Date of publication, distribution, etc | c.2011. |
| 300 ## - PHYSICAL DESCRIPTION | |
| Extent | xvi, 575 p. : |
| Other physical details | ill. ; |
| Dimensions | 24cm. |
| 500 ## - GENERAL NOTE | |
| General note | Index : p. 567-575. |
| 500 ## - GENERAL NOTE | |
| General note | Includes appendix. |
| 650 #0 - SUBJECT ADDED ENTRY--TOPICAL TERM | |
| Topical term or geographic name as entry element | Electronic digital computers |
| General subdivision | Design and construction |
| 9 (RLIN) | 34879 |
| 650 #0 - SUBJECT ADDED ENTRY--TOPICAL TERM | |
| Topical term or geographic name as entry element | Computer architecture |
| 9 (RLIN) | 2654 |
| 653 ## - INDEX TERM--UNCONTROLLED | |
| Resource For college | Engineering, Electrical |
| Arrived date list | January2014 |
| -- | October2014 |
| 655 ## - INDEX TERM--GENRE/FORM | |
| Form subdivision | |
| -- | 33728 |
| 650 #0 - SUBJECT ADDED ENTRY--TOPICAL TERM | |
| 9 (RLIN) | 29417 |
| Topical term or geographic name as entry element | Software architecture |
| 942 ## - ADDED ENTRY ELEMENTS (KOHA) | |
| Source of classification or shelving scheme | Dewey Decimal Classification |
| Call number prefix | 621.392 VAH |
| Withdrawn status | Item status | Source of classification or shelving scheme | Damaged status | Not for loan | Vendor | Home library | Current library | Shelving location | Date acquired | Source of acquisition | Total Checkouts | Full call number | Barcode | Date last seen | Koha item type | Cost, normal purchase price | Total Renewals | Date last borrowed | Cost, replacement price |
|---|---|---|---|---|---|---|---|---|---|---|---|---|---|---|---|---|---|---|---|
| Dewey Decimal Classification | Baccah | Central Library | Central Library | First floor | 21/01/2014 | 621.392 VAH | 000035358 | 15/07/2025 | NB - Book (Non borrowing) | ||||||||||
| Dewey Decimal Classification | Baccah | Central Library | Central Library | First floor | 15/10/2014 | 6 | 621.392 VAH | 000036685 | 15/07/2025 | Book - Borrowing | 790.00 | 55 | 13/03/2022 | 987.50 | |||||
| Dewey Decimal Classification | Baccah | Central Library | Central Library | First floor | 15/10/2014 | 12 | 621.392 VAH | 000036686 | 15/07/2025 | Book - Borrowing | 790.00 | 29 | 13/03/2022 | 987.50 | |||||
| Dewey Decimal Classification | Baccah | Central Library | Central Library | First floor | 15/10/2014 | 7 | 621.392 VAH | 000036687 | 15/07/2025 | Book - Borrowing | 790.00 | 80 | 13/03/2022 | 987.50 | |||||
| Dewey Decimal Classification | Baccah | Central Library | Central Library | First floor | 15/10/2014 | 9 | 621.392 VAH | 000036688 | 15/07/2025 | Book - Borrowing | 790.00 | 46 | 13/03/2022 | 987.50 |